Statistics for RWBY Gen Knowledge

Click here to take the quiz!

General Stats

  • This quiz has been taken 156 times
  • The average score is 15 of 21

Answer Stats

Hint Answer % Correct
Who is 'Vomit Boy'Jaune Arc
96%
Ruby's Trailer SongRed Like Roses
92%
Name of Weiss' sisterWinter
91%
Who is the primary antagonist of Volume 1?Roman Torchwick
88%
Theme Song for Volume 1This will be the Day
88%
How many sisters does 'Vomit Boy' have?7
85%
Name of Ruby's WeaponCrescent Rose
84%
Weiss' Trailer SongMirror Mirror
84%
Nora is based off of who?Thor
82%
Yang's Trailer SongI Burn
79%
Theme Song for Volume 2Time to Say Goodbye
77%
Blake's Trailer SongFrom Shadows
74%
What Festival is being held during Volume 3?Vytal Festival
72%
What is the name of Yang's Motorbike?Bumblebee
65%
Theme Song for Volume 3When it Falls
64%
Name of Yang's WeaponsEmber Celica
54%
What is the name of the Faunus that Emerald and Mercury kill in the first episode of Volume 2?Tukson
52%
Name of Blake's WeaponGambol Shroud
49%
Name of Weiss' WeaponMyrtenaster
46%
Who is the only person to defeat Pyrrha Nikos, on screen?Ruby Rose
26%
Most popular Song, not mentioned above*Caffeine
21%

Score Distribution

Percentile by Number Answered

Percent of People with Each Score

Your Score History

You have not taken this quiz